Statystyki dla Najbardziej wartościowi zawodnicy piłkarscy

Kliknij tutaj aby rozwiązać quiz!

Ogólne statystyki

  • Ten quiz został rozwiązany 774 razy
  • Średni wynik to 12 z 16

Statystyki odpowiedzi

Miejsce, cena (w euro) oraz klubZawodnik% Poprawnych
2. 180 mln, PSGNeymar
99%
3. 160 mln, BarcelonaLionel Messi
98%
1. 200 mln, PSGKylian Mbappe
97%
4. 150 mln, LiverpoolMohamed Salah
93%
5. 150 mln, TottenhamHarry Kane
92%
16. 100 mln, JuventusCristiano Ronaldo
90%
6. 150 mln, Atletico MadrytAntoine Griezmann
78%
8. 150 mln, ChelseaEden Hazard
73%
7. 150 mln, Manchester CityKevin de Bruyne
73%
9. 120 mln, BarcelonaOusmane Dembele
67%
13. 100 mln, JuventusPaulo Dybala
66%
10. 120 mln, Manchester CityRaheem Sterling
66%
11. 100 mln, ChelseaN'Golo Kante
57%
12. 100 mln, TottenhamDele Alli
55%
14. 100 mln, Manchester CityLeroy Sane
48%
15. 100 mln, BarcelonaPhilippe Couthino
12%

Rozkład punktacji

Percentyl według liczby udzielonych odpowiedzi

Procent ludzi z każdym wynikiem

Twoja historia wyników

Nie rozwiązałeś tego quizu